000 00577nam a2200229Ia 4500
003 OSt
005 20220918214539.0
006 a|||||r|||| 00| 0
007 ta
008 220917b |||||||| |||| 00| 0 eng d
024 _a137,977
037 _cTextual
040 _aARTS
_cARTS
_beng
041 _2eng
_aeng
082 _aY, K01 (Y1)
100 _aHoselitz Bert F ed
_991187
245 0 _aReaders guide to the social science
260 _c1960
650 _aSOCIOLOGY
942 _hY, K01 (Y1)
_cTEXL
_2CC
999 _c261051
_d261051